Estructuras algebraicas /
Guardado en:
| Autor Principal: | |
|---|---|
| Formato: | Libro |
| Publicado: |
Washington :
O.e.a.,
1967
|
| Materias: | |
| Etiquetas: |
Agregar Etiqueta
Sin Etiquetas, Sea el primero en etiquetar este registro!
|
| LEADER | 00868nam a22002055a 4500 | ||
|---|---|---|---|
| 001 | CEM.cems002841 | ||
| 005 | 20060221000000.0 | ||
| 008 | 130507s1967##################000#0#####d | ||
| 003 | CEMS | ||
| 082 | 0 | 4 | |a 512 |
| 100 | 1 | |a Gentile, Enzo R. | |
| 245 | 1 | 0 | |a Estructuras algebraicas / |c Enzo R. Gentile |
| 260 | |a Washington : |b O.e.a., |c 1967 | ||
| 300 | |a 117 p. | ||
| 505 | 0 | |a Estructura de modulo sobre un anillo; Modulos de tipo finito. Modulos y anillos noetherianos; Suma directa y producto directo; Modulos libres; Espacios vectoriales; Modulos sobre un dominio de integridad; Modulos sobre un dominio; Aplicaciones a la teoria de una transformacion lineal | |
| 653 | |a Algebra | ||
| 653 | |a Estructuras algebraicas | ||
| 653 | |a Matematica | ||
| 859 | |a CEMS |b BIB. CEMS - 11 de abril |h 512 |i G289 |p 12872.84 |t Ej.2 | ||
| 859 | |a CEMS |b BIB. CEMS - 11 de abril |h 512 |i G289 |p 9930.81 |t Ej.1 | ||
